000 00533pab a2200181 454500
008 180718b2009 xxu||||| |||| 00| 0 eng d
100 _aThapa, Ganga B.
245 _aFrom insurgency to democracy: the challenges of peace and democracy-building in Nepal
260 _c2009
300 _ap.205-19.
650 _aDemocracy - Nepal
650 _aNepal - Politics and government
650 _aPolitics and government
700 _aSharma, Jan
773 _aInternational Political Science Review
908 _aN
909 _a82909
999 _c82909
_d82909